| 000 | 00533nam a2200181Ia 4500 | ||
|---|---|---|---|
| 005 | 20250317130252.0 | ||
| 008 | 008 250317s9999 xx 000 0 eng d | ||
| 037 | _aTextbook | ||
| 040 |
_aFMSL _beng _cFMSL |
||
| 041 |
_aeng _2eng |
||
| 084 |
_aX8(A):89ZB M8 _qFMSL |
||
| 100 | _aIyer K V | ||
| 245 | 0 | _aHow DGTD assists Industrial development | |
| 260 |
_aNew Delhi _bNew Delhi, Indu Publications _c1988 |
||
| 300 | _axv,106 | ||
| 942 |
_cTB _hX8(A):89ZB M8 |
||
| 999 |
_c1263056 _d1263056 |
||